| 000 | 01081nam a2200325 i 4500 | ||
|---|---|---|---|
| 003 | EG-GICUC | ||
| 005 | 20260420215129.0 | ||
| 008 | 260420s1948 ja ||||f |||| 00| 0 eng d | ||
| 040 |
_aEG-GiCUC _beng _cEG-GiCUC _dEG-GiCUC _erda |
||
| 041 | _aeng | ||
| 082 | 0 | 4 |
_221 _a343.3 |
| 092 | 0 | 4 | _221 |
| 099 | _aLaw1 10 343.3 CO . D 1948 B1010093 C1 | ||
| 245 | 0 | 4 | _aThe Code of Criminal Procedure & The Law for Enforcement of the Code of Criminal Procedure of Japan. |
| 246 | 1 | _a刑事訴訟法 | |
| 264 |
_aTokyo : _bEibun-horei-sha, _c1948 |
||
| 300 |
_a113 pages ; _c24 cm. |
||
| 336 |
_2rda content _atext |
||
| 337 |
_2rda media _aComputer |
||
| 338 |
_2rda carrier _aOnline Resource |
||
| 490 |
_aEHS Law Bulletin Series ; _vVol. II |
||
| 490 |
_aThe Code of Criminal Procedure ; _vLaw no. 131 |
||
| 500 | _aUnder Authorization of the Ministry of Justice. | ||
| 546 | _aText in English | ||
| 650 | 1 |
_aLaw of criminal procedure _2qrmak |
|
| 651 | 1 | _2qrmak | |
| 856 | 4 | 0 | _uhttps://fll.law.cu.edu.eg/fulltext/bks/B1010093.pdf |
| 905 | _a162 | ||
| 942 |
_2ddc _cBK _e21 _n0 |
||
| 999 |
_c72506 _d72506 |
||